000 00487nam a2200205Ia 4500
008 170918s9999 xx 000 0 und d
020 _a9780516243573
050 _bS675 2003
100 _aSnyder, Inez
245 _aOranges to orages juice /
245 _cInez Snyder.
260 _aNew York :
260 _bChildren's Press,
260 _c2003
300 _a24 pages :
300 _bcolored illustration ;
300 _c15cm.
440 _aWelcome books.
500 _a210
999 _c341117
_d341117